La cria de ovinos y caprinos /
Guardado en:
| Formato: | Libro |
|---|---|
| Publicado: |
Roma :
Organización de las Naciones Unidas para la Agricultura y la Alimentaciónultura y la,
1979
|
| Materias: | |
| Etiquetas: |
Agregar Etiqueta
Sin Etiquetas, Sea el primero en etiquetar este registro!
|
| LEADER | 00522nam a22001695a 4500 | ||
|---|---|---|---|
| 001 | CEM.cems015645 | ||
| 005 | 20100805175715.0 | ||
| 008 | 130507s1979##################000#0#####d | ||
| 003 | CEMS | ||
| 082 | 0 | 4 | |a 636.3 |
| 245 | 0 | 0 | |a La cria de ovinos y caprinos / |c , |
| 260 | |a Roma : |b Organización de las Naciones Unidas para la Agricultura y la Alimentaciónultura y la, |c 1979 | ||
| 300 | |a 51 p. | ||
| 653 | |a Caprinos | ||
| 653 | |a Ganadería | ||
| 653 | |a Ovinos | ||
| 859 | |a CEMS |b BIB. CEMS - Agricultura |h 636.3 |i C868 |p A9257.81 |t Ej.1 |v 12 |3 12 | ||
